| 000 | 00583 a2200169 4500 | ||
|---|---|---|---|
| 003 | Nust | ||
| 005 | 20230714104045.0 | ||
| 040 | _cNust | ||
| 082 | _a548,KIL | ||
| 100 |
_aKillian J. _9113630 |
||
| 245 |
_aCrystals: Secrets of the inorganic / _cJ. Killian |
||
| 260 |
_aLondon _bThe scientific book club _c1940 |
||
| 300 | _a263 p. | ||
| 505 | _a Introduction (Page-11), Part.1: The Structure of Inorganic Matter (Page-29) Part.2: The Crystal (Page-57), Part.3: Matter (Page-193), Appendix Light (Page-233). | ||
| 650 |
_aInorganic chemistry _961249 |
||
| 942 |
_2ddc _cBK _k548,KIL |
||
| 999 |
_c183782 _d183782 |
||